English-Zulu, Zulu-English dictionary / (Record no. 100335)

MARC details
000 -LEADER
fixed length control field 00813cam a2200253 a 4500
008 - FIXED-LENGTH DATA ELEMENTS--GENERAL INFORMATION
fixed length control field
020 ## - INTERNATIONAL STANDARD BOOK NUMBER
International Standard Book Number 1868141608 (pbk.)
049 ## - LOCAL HOLDINGS (OCLC)
Holding library MAIN
090 ## - LOCALLY ASSIGNED LC-TYPE CALL NUMBER (OCLC); LOCAL CALL NUMBER (RLIN)
Classification number (OCLC) (R) ; Classification number, CALL (RLIN) (NR) REF P361
Local cutter number (OCLC) ; Book number/undivided call number, CALL (RLIN) ENG
003 - CONTROL NUMBER IDENTIFIER
control field
005 - DATE AND TIME OF LATEST TRANSACTION
control field 20230120191407.0
040 ## - CATALOGING SOURCE
Transcribing agency NUST
245 00 - TITLE STATEMENT
Title English-Zulu, Zulu-English dictionary /
Statement of responsibility, etc. compiled by C.M. Doke... [et al.].
250 ## - EDITION STATEMENT
Edition statement 1st combined ed.
260 ## - PUBLICATION, DISTRIBUTION, ETC.
Place of publication, distribution, etc. Johannesburg :
Name of publisher, distributor, etc. Witwatersrand University Press,
Date of publication, distribution, etc. 1990.
300 ## - PHYSICAL DESCRIPTION
Extent xiv, 918 p. ;
Dimensions 21 cm.
504 ## - BIBLIOGRAPHY, ETC. NOTE
Bibliography, etc. note Includes bibliographical references.
650 #0 - SUBJECT ADDED ENTRY--TOPICAL TERM
Topical term or geographic name entry element English language
General subdivision Dictionaries
-- Zulu.
650 #0 - SUBJECT ADDED ENTRY--TOPICAL TERM
Topical term or geographic name entry element Zulu language
General subdivision Dictionaries
-- English.
655 #7 - INDEX TERM--GENRE/FORM
Genre/form data or focus term Dictionary.
Source of term mesh
700 1# - ADDED ENTRY--PERSONAL NAME
Personal name Doke, Clement Martyn.
907 ## - LOCAL DATA ELEMENT G, LDG (RLIN)
a .b10027300
b 19-03-12
c 17-04-03
942 ## - ADDED ENTRY ELEMENTS (KOHA)
Koha item type Ordinary Loan Books
Call number prefix REF P361
Call number suffix ENG
Holdings
Date last seen Total Checkouts Full call number Barcode Cost, replacement price Price effective from Koha item type Lost status Source of classification or shelving scheme Damaged status Not for loan Collection Withdrawn status Home library Current library Shelving location Date acquired Cost, normal purchase price
01/20/2023   REF P361 ENG 92003021020 80.00 01/20/2023 REF   LCC     NFIC   MAIN MAIN GEN 01/20/2023 80.00